000 00435nam a22001217a 4500
003 SGT
082 _a891.4309
_bH84S
100 _aशाण्डिल्य, शिव कुमार
245 _aहिंदी भाषा और संप्रेषण प्रक्रिया
260 _b हिंदी भाषा और संप्रेषण प्रक्रिया
_c1984
300 _a70
942 _2ddc
_cBK
999 _c31245
_d31245